European Population Minefield Quiz Stats

Quiz not verified by Sporcle

Challenge
Share
Tweet
Embed
Score 0/47 Timer 10:00
0 Plays Today
% Correct
???
96.6%
???
86.4%
???
68.5%
???
60.6%
???
58.2%
???
53%
???
48.3%
???
43.9%
???
42.7%
???
38.5%
???
36.2%
???
27.1%
???
24.4%
???
22.6%
???
21.1%
???
19.9%
???
16.7%
???
15.2%
???
14.7%
???
14.1%
???
12.9%
???
12.7%
???
11.9%
???
11%
% Correct
???
10.2%
???
10.1%
???
8%
???
7.9%
???
7.6%
???
7.4%
???
7.3%
???
6.3%
???
5.8%
???
5.7%
???
5.1%
???
5.1%
???
4.7%
???
4.5%
???
4.3%
???
3.7%
???
3.6%
???
3.5%
???
3.4%
???
3.4%
???
3.2%
???
3.2%
???
2.9%

You're not logged in!

Compare scores with friends on all Sporcle quizzes.
Sign Up with Email
OR
Log In

Show Comments

Extras

Top Quizzes Today


Score Distribution

Your Account Isn't Verified!

In order to create a playlist on Sporcle, you need to verify the email address you used during registration. Go to your Sporcle Settings to finish the process.

Report this User

Report this user for behavior that violates our Community Guidelines.

Details: